00399nam a2200133Ia 4500008004100000082001500041100001700056245003700073260001800110600001500128942000700143952009800150999001700248241002s9999 xx 000 0 und d a153.42 JOA aJoad, M. C.E 0aGuide to Modern To Modern Tought aLondon:c1948 aPhilosophy cUC 00104070aUITUbUITUd1994-01-01l0o153.42 JOApUC529r2024-10-02 09:31:23w2024-10-02yUC c18856d18856